000 00697nam a2200241Ia 4500
003 OSt
005 20220926005423.0
006 a|||||r|||| 00| 0
007 ta
008 220923b |||||||| |||| 00| 0 eng d
020 _cRs 120.00
037 _b28141dt, 19/11/1985, HBA
_cGeneral Book
040 _aRTL
_cRTL
_beng
041 _2eng
_aeng
082 _aB67, M5
100 _aGupta Hansraj
_9310267
245 0 _aMatrices in n-dimensional geometry
260 _a New Delhi
_bSouth Asian Publishers
_c1985
300 _aix,192p
_ccm.
650 _aGeometry
_9180965
942 _hB67, M5
_cGB
_2CC
999 _c613780
_d613780